| 000 -LEADER |
| fixed length control field |
01269nam a22001577a 4500 |
| 008 - FIXED-LENGTH DATA ELEMENTS--GENERAL INFORMATION |
| fixed length control field |
210719b ||||| |||| 00| 0 eng d |
| 100 ## - MAIN ENTRY--PERSONAL NAME |
| Personal name |
Avery, Christopher. et al |
| 245 ## - TITLE STATEMENT |
| Title |
An economist's guide to epidemiology models of infectious disease |
| 260 ## - PUBLICATION, DISTRIBUTION, ETC. (IMPRINT) |
| Place of publication, distribution, etc |
The Journal of Economic Perspectives |
| 300 ## - PHYSICAL DESCRIPTION |
| Extent |
34(4), Fall, 2020: p.79-104 |
| 520 ## - SUMMARY, ETC. |
| Summary, etc |
We describe the structure and use of epidemiology models of disease transmission, with an emphasis on the susceptible/infected/recovered (SIR) model. We discuss high-profile forecasts of cases and deaths that have been based on these models, what went wrong with the early forecasts, and how they have adapted to the current COVID pandemic. We also offer three distinct areas where economists would be well positioned to contribute to or inform this epidemiology literature: modeling heterogeneity of susceptible populations in various dimensions, accommodating endogeneity of the parameters governing disease spread, and helping to understand the importance of political economy issues in disease suppression. – Reproduced |
| 650 ## - SUBJECT ADDED ENTRY--TOPICAL TERM |
| Topical term or geographic name as entry element |
Disease transmission, COVID pandemic |
| 9 (RLIN) |
26750 |
| 773 ## - HOST ITEM ENTRY |
| Main entry heading |
The Journal of Economic Perspectives |
| 906 ## - LOCAL DATA ELEMENT F, LDF (RLIN) |
| Subject DIP |
COVID-19 (DISEASE) - ECONOMIC ASPECTS |
| 942 ## - ADDED ENTRY ELEMENTS (KOHA) |
| Item type |
Articles |